LDR 00794naa#a2200181#i#450# 001 EN\\bibl\118116 005 20260428150843.2 011 ## _a3033-8239 100 ## _a20260401b2026####ek#y0engy0150####ca 102 ## _aRU 200 1# _aTHE ROLE OF ARTIFICIAL INTELLIGENCE IN ENSURING DIGITAL SOVEREIGNTY: INTRODUCTION OF AI IN PUBLIC ADMINISTRATION AND THE SOCIAL SPHERE — LEGAL AND ETHICAL ASPECTS OF ITS REGULATION _eJournal article 210 1# _aArmavir _cAutonomous Non-Commercial Organization Research Institute "Digital Philosophy - Digital Intelligence" _d2026 215 ## _a0 с. 608 ## _aJournal article _2local 675 ## _aИскусственный интеллект. 004.8 _z 700 #1 _aKarpova _gVictoria Yurievna 700 #1 _aSolovyova _gEkaterina Vitalievna 856 4# _aintellectualsovereignty.ru _u